星空吟遊
| 資料類型: | 圖書 | 書目號: | 51634 |
Leader xxxxxxxxxx 001 __ 102486/7/01 005 __ 20171120175605.061 010 0_ |a978-986-479-115-6|b平裝|d新臺幣450元 042 __ |anbim 100 __ |a20171120d2016 m y0chiy50 e 101 0_ |achi 102 __ |atw 105 __ |aa z 000cy 200 1_ |a星空吟遊|f謝哲青著 205 __ |a第一版 210 __ |a臺北市|c遠見天下|d2016[民105] 215 0_ |a271面|c圖|d23公分 225 12 |a風格生活|v085 606 __ |2cst|a散文 681 __ |a855|b8244 700 _1 |a謝|b哲青|4著 801 _0 |atw|bLibDipper|c20171120|gCCR |